000 01686nam a2200277 a 4500
100 1 _aМихайловски, Стоян Николов
_gМихайловский, Стоян, 1856-1927; Михайловски, Ст., 1856-1927; Михайловски, 1856-1927; Де Профундис, 1856-1927 (псевдоним); Истров, Драгостин, 1856-1927 (псевдоним); Муслак, Драгостин Истров, 1856-1927 (псевдоним); Розенберг, Викентий, 1856-1927 (псевдоним); Рязков, Евгений, 1856-1927 (псевдоним); Стрелков, Ст., 1856-1927 (псевдоним); De Profundis, 1856-1927 (псевдоним); X.y.z., 1856-1927 (псевдоним)
_d1856-1927
_997934
999 _c428821
_d428821
003 BLK
005 20240617105105.0
008 180411b bul|||||r ||||||| ||bul||
040 _aBLK
041 _aBUL
_cBUL
080 _aБългарска литература
_b821.163.2
_x-17
_z821.163.2-17
139 _aМихайловски, Стоян Николов
_bМ 74
245 1 0 _aСатири
_cСтоян Николов Михайловски
_nТ. 1
_pНашите писачи и газетари
257 _aBGR
260 _aСофия
_bпеч. Либералний клуб
_c1893
_9462624
300 _c23 см
380 _aX
490 _9435080
_aКолекция Редки и ценни издания
760 1 _aМихайловски, Стоян Николов
_d1893
_h54 с.
_tСатири
_oТ. 1 Нашите писачи и газетари
852 _aРб 893
_bРц
856 4 _qpdf
856 4 _qpdf
942 _cKNG
_n0
_s1
944 _aCR
_c2021-08-17
_k30542
_lРусанова Ирена